<?xml version="1.0" encoding="UTF-8"?>
<marc:record xmlns:marc="http://www.loc.gov/MARC21/slim">
   <marc:leader>00000nam a2200000 a 4500</marc:leader>
   <marc:datafield ind1="0" ind2="0" tag="245">
      <marc:subfield code="a">Akiko</marc:subfield>
   </marc:datafield>
   <marc:datafield ind1="0" ind2="0" tag="245">
      <marc:subfield code="b">Der fliegende Affe</marc:subfield>
   </marc:datafield>
   <marc:datafield ind1=" " ind2="1" tag="264">
      <marc:subfield code="a">Hamburg</marc:subfield>
      <marc:subfield code="b">Lighthouse Film</marc:subfield>
      <marc:subfield code="c">2025</marc:subfield>
   </marc:datafield>
   <marc:datafield ind1="1" ind2=" " tag="490">
      <marc:subfield code="a">11</marc:subfield>
   </marc:datafield>
   <marc:datafield ind1="1" ind2=" " tag="520">
      <marc:subfield code="a">Akiko ist ein mutiges Affenkind mit einer großen Mission: Er büxt aus dem Zoo aus, um die Affen zu finden, die im Wald in Freiheit leben. Dabei findet er viele neue Freunde wie einen Waschbären, ein Frettchen und ein Chamäleon, die ihm helfen, seinen Auftrag zu erfüllen. Um seine Familie zu befreien, geht er in die Lüfte - mit einem Modellflugzeug, mit einem Ballon und sogar auf dem Rücken eines Adlers! Diesen fliegenden Affen halten weder Zoowärter noch Polizei, und auch nicht die Schwerkraft auf...</marc:subfield>
   </marc:datafield>
   <marc:datafield ind1=" " ind2=" " tag="020">
      <marc:subfield code="a">4250128450171</marc:subfield>
      <marc:subfield code="9">4250128450171</marc:subfield>
   </marc:datafield>
   <marc:datafield ind1=" " ind2=" " tag="300">
      <marc:subfield code="a">ca. 70 Min.</marc:subfield>
   </marc:datafield>
</marc:record>
